000 00979nmc a2200325 a 4500
003 AR-BaBNM
005 20251128204412.0
008 135019s1968 ||||||||||||||000 | spa||
040 _cAR-BaBNM
100 1 _aWashburne, Carleton W.
245 1 0 _aWinnetka
_bhistoria y significación de un experimento pedagógico
260 _aBuenos Aires
_bLosada
_c1968
300 0 _a187 p.
_btablas, il., gráfs.
490 0 _aLa escuela activa
650 4 _aMETODOS DE ENSENANZA
650 4 _aENSENANZA INDIVIDUALIZADA
650 4 _aACTIVIDADES EN GRUPO
650 4 _aESCUELAS PUBLICAS
650 4 _aENSENANZA DE LAS MATEMATICAS
650 4 _aENSENANZA DE LA LECTURA
650 4 _aENSENANZA DE LA ESCRITURA
650 4 _aENSENANZA DE LA ORTOGRAFIA
650 4 _aEDUCACION ESPECIAL
650 4 _aFORMACION DE DOCENTES
650 4 _aRELACION PADRES-DOCENTE
653 0 _aJARDINES MATERNALES
800 1 _aLuzuriaga, Lorenzo
_edirector
942 _cBK
998 _cGrace
999 _c7327
_d7327